00727cam a22002411 4500001001300000003000400013005001700017008004100034010001700075025002000092035002000112040002100132042001200153050001600165100003900181245002600220260001100246300004100257440013700298500001700435650001600452999001700468sa 68014047 DLC20260227112628.0941108s1968 ii abc 000 0 gujo  asa 68014047  aPL480:I-Gu-1160 a(OCoLC)31426047 aDLCcCUdCUdDLC apremarc00aQE501b.V371 aVasu, Vijayshanker Murarji,d1909-10aPṛthvī darśana. c[1968] a245 p.billus., maps, ports.c25 cm. 0aSardar Vallabhai Vidyapeeth, Vallabh Vidyanagar, India. Jñānagaṅgotrī granthaśreṇī. Vijñāna vidyāśākhā;v2 aIn Gujarati. 0aGeophysics. c85530d85530